000 00540nam a2200217Ia 4500
003 OSt
005 20220928135948.0
006 a|||||r|||| 00| 0
007 ta
008 220927b |||||||| |||| 00| 0 eng d
024 _a5753
037 _cTextual
040 _aSDCL
_cSDCL
_beng
041 _2eng
_aeng
082 _aB:(R), N7
100 _aResnik Michael D
_9493365
245 0 _aMathematics as a science of patterns
260 _c1997
942 _hB:(R), N7
_cTEXL
_2CC
999 _c809177
_d809177